000
00250nam a2200097Ia 4500
001
816319
005
20250826171713.0
008
250824s9999 xx 000 0 und d
245
0
_a
KURAN VE RUH SAĞLIĞI
_c
MUSTAFA YALÇIN
260
_b
TEBEŞİR YAYINLARI
999
_c
816319
_d
816319